000 00747nam a22001817a 4500
003 UA-OsUOA
001 15113
007 ta
008 20031031b un ||||| |||| 00| 0 ukr d
100 _aШевченко С. В.
942 _cSA
040 _aUA-OsUOA
_cUA-OsUOA
_dUA-OsUOA
245 _aНіхто, крім нас, наш дім не побудує: [Голова райдержадмін. С. В. Шевченко про екон. та соц. розвиток Радивилів. р-ну за І півріччя 2003 р., нові район. прогр.]
300 _aС.1
955 _a0
773 0 _w0
_tПрапор перемоги
_dРадивилів
_d2003
_g№66/ 22 серп./
650 7 _aДержадміністрація
_2UDC
999 _c301278
_d301278